000 00566nam a2200205Ia 4500
008 170918s9999 xx 000 0 und d
020 _a9780545568456
050 _bA752 2012
100 _aArnold, Caroline
245 2 _aA warmer world :
245 _bfrom polar bears to butterflies, how climate change affects wildlife /
245 _cCaroline Arnold ; illustrated by Jamie Hogan.
260 _aNew York :
260 _bScholastic,
260 _c2012
300 _a31 pages :
300 _bcolored illustration ;
300 _c26cm.
500 _a1110
999 _c342480
_d342480